Lives of passion, school of hope : (Record no. 18782)

000 -LEADER
fixed length control field 00484cam a22001574a 4500
020 ## - INTERNATIONAL STANDARD BOOK NUMBER
ISBN 9781591810841
040 ## - CATALOGING SOURCE
Transcribing agency DLC
082 00 - DEWEY DECIMAL CLASSIFICATION NUMBER
Classification number 371 SRN 2009 C152 Or.
100 1# - MAIN ENTRY--AUTHOR NAME
Personal name Posner, Fredric,
245 10 - TITLE STATEMENT
Title Lives of passion, school of hope :
Remainder of title how one public school ignites a lifelong love of learning /
260 ## - PUBLICATION, DISTRIBUTION, ETC. (IMPRINT)
Place of publication Boulder, CO :
Name of publisher Sentient Publications,
Year of publication c2009.
300 ## - PHYSICAL DESCRIPTION
Number of Pages 246 p. :
Other physical details ill.
Dimensions 23 cm.
650 #0 - SUBJECT ADDED ENTRY--TOPICAL TERM
Topical Term Alternative schools
650 #0 - SUBJECT ADDED ENTRY--TOPICAL TERM
Topical Term High school students
942 ## - ADDED ENTRY ELEMENTS (KOHA)
Koha item type ADB
952 ## - LOCATION AND ITEM INFORMATION (KOHA)
Withdrawn status [LOCAL, KOHA] 0
Holdings
Koha item type Source of acquisition Lost status Permanent Location Current Location Date acquired Full call number
សៀវភៅភាសាអង់គ្លេសA38407 Library Block CLibrary Block C2020-01-27371 SRN 2009 C152 Or.
មជ្ឈមណ្ឌលឯការនៃសាកលវិទ្យាល័យភូមិន្ទកសិកម្មចំការដូង

Powered by Koha